Kompendium medicínskej starostlivosti o toxikomanov /

Hlavní autor: Masár, Oto
Další autoři: Valkučáková, Vanda, 1987-, Mauritzová, Ilona, 1959-
Jazyk: Slovenština
Vydáno: Plzeň : Maurea, 2013
Témata:
Fyzický popis: 119 s. : barev. il. ; 21 cm
Knihy
Uloženo v:
LEADER 01707nam a2200481 a 4500
001 nkc20132454507
003 CZ PrNK
005 20130510153528.0
007 ta
008 130403s2013 xr a e f 000 0 slo
015 |a cnb002454507 
020 |z 978-80-902876-7-9  |q (brož.) 
035 |a (OCoLC)842346438 
040 |a BOA001  |b cze  |d ABA001 
072 7 |a 613  |x Hygiena. Lidské zdraví  |2 Konspekt  |9 14 
080 |a 613.83  |2 MRF 
080 |a 364.692:615.015.6-051  |2 MRF 
080 |a 615.851:613.81/.84  |2 MRF 
080 |a 616-082  |2 MRF 
080 |a (035)  |2 MRF 
100 1 |a Masár, Oto  |7 mzk2004252372  |4 aut 
245 1 0 |a Kompendium medicínskej starostlivosti o toxikomanov /  |c Oto Masár, Vanda Valkučáková, Ilona Mauritzová 
260 |a Plzeň :  |b Maurea,  |c 2013 
300 |a 119 s. :  |b barev. il. ;  |c 21 cm 
500 |a Název z obálky 
504 |a Obsahuje bibliografii a bibliografické odkazy 
650 0 7 |a užívání drog  |7 ph114929  |2 czenas 
650 0 7 |a drogově závislí  |7 ph114362  |2 czenas 
650 0 7 |a protidrogová terapie  |7 ph137244  |2 czenas 
650 0 7 |a lékařská péče  |7 ph134871  |2 czenas 
650 0 9 |a drug abuse  |2 eczenas 
650 0 9 |a narcotic addicts  |2 eczenas 
650 0 9 |a drug dependence therapy  |2 eczenas 
650 0 9 |a medical care  |2 eczenas 
655 7 |a příručky  |7 fd133209  |2 czenas 
655 9 |a handbooks and manuals  |2 eczenas 
700 1 |a Valkučáková, Vanda,  |d 1987-  |7 mzk2013754480  |4 aut 
700 1 |a Mauritzová, Ilona,  |d 1959-  |7 xx0097423  |4 aut 
910 2 |a BOA001  |b 2-1301.744 
990 |a BK 
995 |a 01 
991 |b 201304  |c NOV  |e n 
996 6 |b 2610544380  |c 2-1301.744  |l MZK  |r Sklad / do 1 hodiny  |n 0  |p p.v.  |w 001321320  |u 000010  |a 1  |e BOA001  |j MZK50  |s P